[Event "Challenge"]
[Site "http://www.queenalice.com/game.php?id=1499243"]
[Date "2017.10.17"]
[Round "-"]
[White "AlekinePb"]
[Black "rook33"]
[Result "1/2-1/2"]
[WhiteElo "1891"]
[BlackElo "1950"]

1. d4 Nf6 2. c4 g6 3. Nc3 Bg7 4. e4 O-O 5. f3 h6 6. Be3 d6 7. Bd3 e5 8. d5 c6 9.
Nge2 Nbd7 10. O-O a6 11. Kh1 c5 12. f4 exf4 13. Bxf4 Qe7 14. Rc1 Nb6 15. b3 g5
16. Bg3 Nh5 17. Bf2 Bg4 18. h3 Bxe2 19. Qxe2 Nf4 20. Qd2 Nd7 21. Bb1 h5 22. Bg3
Be5 23. Bxf4 gxf4 24. Ne2 Qg5 25. Ng1 Bg7 26. Qxf4 Qxf4 27. Rxf4 Be5 28. Rf5 Nf6
29. Rcf1 Kg7 30. Nf3 Bc3 31. e5 dxe5 32. Nxe5 Bxe5 33. Rxe5 Rad8 34. Ref5 Rd6
35. h4 a5 36. a4 b6 37. Re1 Kh6 38. Ree5 Rg8 39. Bd3 Rf8 40. Be2 Re8 41. Rxe8
Nxe8 42. Rxf7 Kg6 43. Re7 Nf6 44. Bd3+ Kh6 45. Re6 Rxe6 46. dxe6 Kg7 47. Bf5 Kf8
48. Bg6 Ke7 49. Bf5 1/2-1/2

[Event "Challenge"]
[Site "http://www.queenalice.com/game.php?id=1499410"]
[Date "2017.10.18"]
[Round "-"]
[White "AlekinePb"]
[Black "coolchess"]
[Result "0-1"]
[WhiteElo "1900"]
[BlackElo "2054"]

1. d4 Nf6 2. c4 e6 3. Nf3 b6 4. Bg5 h6 5. Bh4 g5 6. Bg3 Ne4 7. Nc3 Bb4 8. Rc1 f5
9. Be5 O-O 10. d5 d6 11. Bd4 e5 12. Be3 Bxc3+ 13. bxc3 f4 14. Bd2 g4 15. Ng1
Nxf2 16. Kxf2 Qh4+ 17. g3 fxg3+ 18. Ke3 gxh2 19. Kd3 Qg3+ 20. Nf3 Bf5+ 21. e4
Bxe4+ 22. Kxe4 gxf3 23. Bd3 Rf4+ 24. Ke3 f2+ 0-1

[Event "Challenge"]
[Site "http://www.queenalice.com/game.php?id=1499495"]
[Date "2017.10.19"]
[Round "-"]
[White "AlekinePb"]
[Black "Daniel1962"]
[Result "1-0"]
[WhiteElo "1846"]
[BlackElo "1737"]

1. d4 e6 2. c4 c5 3. Nf3 Bd6 4. Nc3 Nf6 5. Bg5 cxd4 6. Nxd4 Be5 7. Ndb5 a6 8.
Nd6+ Bxd6 9. Qxd6 Nc6 10. e3 h6 11. Bh4 Qe7 12. Ne4 Qxd6 13. Nxd6+ Ke7 14. c5 g5
15. Bg3 Nb4 16. Kd2 b6 17. cxb6 Bb7 18. Nxb7 Ne4+ 19. Ke2 Nxg3+ 20. hxg3 Rab8
21. Na5 Rxb6 22. Nc4 Rc6 23. b3 d5 24. Ne5 Rc2+ 25. Kf3 Ra8 26. a3 Na2 27. Bd3
Rd2 28. Be2 Nc3 29. Bd1 f6 30. Nc6+ Kf7 31. Rxh6 Kg7 32. Rh2 Ne4 33. Be2 Rc8 34.
Nd4 e5 35. Nf5+ Kf7 36. Rh7+ Kg6 37. Rg7+ Kxf5 38. g4+ Ke6 39. Rd1 Rb2 40. b4
Rcc2 41. Re1 Nc3 42. Bf1 Rxf2+ 43. Kg3 Nb5 44. Rb7 Nxa3 45. Rb6+ Kf7 46. Rxa6
Nc4 47. b5 Rfc2 48. Ra7+ Ke6 49. Ra6+ Nd6 50. Rc6 Rd2 51. b6 Kd7 52. Rc7+ Kd8
53. Rc6 Kd7 54. Rc7+ Kd8 55. Rec1 Rxb6 56. Rh7 Rb3 57. Ra1 Rb8 58. Raa7 Ne8 59.
Rad7+ Kc8 60. Ba6+ Rb7 61. Bxb7+ Kb8 62. Rd8+ Ka7 63. Bxd5+ Kb6 64. Rb7+ Kc5 65.
Rxe8 Kxd5 66. Rd7+ Ke4 67. Rxd2 Kxe3 68. Rf2 e4 69. Re6 Kd3 70. Rexf6 e3 71.
R2f3 Kd2 72. Rd6+ Ke2 73. Re6 1-0

[Event "Challenge"]
[Site "http://www.queenalice.com/game.php?id=1499501"]
[Date "2017.10.19"]
[Round "-"]
[White "rook33"]
[Black "AlekinePb"]
[Result "1-0"]
[WhiteElo "1935"]
[BlackElo "1906"]

1. Nf3 Nf6 2. g3 d5 3. d3 g6 4. Bg2 Bg7 5. h3 O-O 6. O-O c5 7. c3 Nc6 8. Be3 b6
9. Nfd2 e6 10. Na3 Bb7 11. d4 Rc8 12. dxc5 bxc5 13. Bxc5 a6 14. Bxf8 Bxf8 15.
Nc2 e5 16. Ne3 Qa5 17. a4 d4 18. cxd4 exd4 19. Nec4 Qb4 20. a5 Ne7 21. Bxb7 Qxb7
22. Nd6 Qd7 23. Nxc8 Qxh3 24. Nxe7+ Bxe7 25. Nf3 Ng4 26. Qxd4 Bh4 27. gxh4 f5
28. Rac1 1-0

[Event "Challenge"]
[Site "http://www.queenalice.com/game.php?id=1499827"]
[Date "2017.10.22"]
[Round "-"]
[White "AlekinePb"]
[Black "gfalk"]
[Result "0-1"]
[WhiteElo "1850"]
[BlackElo "2023"]

1. d4 f5 2. g3 Nf6 3. Bg2 g6 4. c4 Bg7 5. Nc3 O-O 6. Nf3 d6 7. O-O c6 8. Bg5
Nbd7 9. Qc2 Qe8 10. Rad1 e5 11. d5 Nc5 12. b4 Nce4 13. Bxf6 Rxf6 14. Nxe4 fxe4
15. Qxe4 Bf5 16. Qh4 Qd7 17. e4 Bg4 18. Rd3 Raf8 19. Ng5 h6 20. f3 hxg5 21. Qxg5
Bh3 22. Bxh3 Qxh3 23. dxc6 bxc6 24. c5 Bh6 25. Qh4 Qxh4 26. gxh4 dxc5 27. bxc5
Rf4 28. Rd6 Rxh4 29. Rxg6+ Kh7 30. Rxc6 Bf4 31. Rf2 Be3 32. Rc7+ Kh8 33. Kf1
Bxf2 34. Kxf2 Rxh2+ 35. Kg3 Rxa2 36. Re7 Rg8+ 37. Kh3 Ra6 38. Rxe5 Rh6+ 0-1

[Event "Challenge"]
[Site "http://www.queenalice.com/game.php?id=1499977"]
[Date "2017.10.22"]
[Round "-"]
[White "AlekinePb"]
[Black "Marbol"]
[Result "0-1"]
[WhiteElo "1891"]
[BlackElo "2075"]

1. d4 Nf6 2. c4 e6 3. Nf3 d5 4. Bg5 Be7 5. e3 O-O 6. c5 c6 7. Nc3 Nbd7 8. Bd3 h6
9. Bh4 b6 10. b4 a5 11. a3 Ba6 12. Bxa6 Rxa6 13. O-O Qc7 14. Bg3 Qb7 15. Qd3 Ra7
16. Ne5 Nxe5 17. Bxe5 Nd7 18. Bg3 Rfa8 19. Rab1 axb4 20. axb4 Ra3 21. Qd2 Bf6
22. Rb2 e5 23. Rc1 exd4 24. exd4 Nf8 25. Rcc2 Ra1+ 26. Rb1 bxc5 27. Rxa1 Rxa1+
28. Rc1 Rxc1+ 29. Nd1 Qxb4 30. Qxc1 Qe1# 0-1

[Event "Challenge"]
[Site "http://www.queenalice.com/game.php?id=1500016"]
[Date "2017.10.22"]
[Round "-"]
[White "AlekinePb"]
[Black "rook33"]
[Result "1-0"]
[WhiteElo "1946"]
[BlackElo "1950"]

1. d4 Nf6 2. c4 g6 3. Nf3 h6 4. Nc3 d6 5. e4 Bg7 6. h3 c6 7. Bd3 a6 8. O-O O-O
9. Be3 Kh7 10. d5 Nfd7 11. Rc1 b5 12. b3 f6 13. cxb5 axb5 14. dxc6 Nxc6 15. Bxb5
Bb7 16. Nd5 Rxa2 17. Bxc6 Bxc6 18. Nb4 Bb5 19. Nxa2 Bxf1 20. Kxf1 f5 21. exf5
Rxf5 22. Bd4 e5 23. Ba1 Qb6 24. Qd5 Nf6 25. Qd2 Ne4 26. Qe2 d5 27. Nc3 Qxb3 28.
Nxe4 dxe4 29. Qxe4 Qa3 30. Rd1 Rf4 31. Qb7 Rb4 32. Qf7 Qa6+ 33. Kg1 Rb7 34. Qe8
e4 35. Bxg7 Rxg7 36. Rd8 Qa1+ 37. Kh2 Ra7 38. Qg8# 1-0

[Event "Challenge"]
[Site "http://www.queenalice.com/game.php?id=1500019"]
[Date "2017.10.22"]
[Round "-"]
[White "AlekinePb"]
[Black "Fredo"]
[Result "0-1"]
[WhiteElo "1859"]
[BlackElo "1924"]

1. d4 Nf6 2. c4 g6 3. Nc3 d6 4. e4 Bg7 5. f3 O-O 6. Be3 e5 7. d5 Nbd7 8. Bd3 Ne8
9. Nge2 Nc5 10. O-O Nxd3 11. Qxd3 f5 12. exf5 gxf5 13. f4 e4 14. Qd2 Kh8 15. Bd4
Bf6 16. Bxf6+ Qxf6 17. Qd4 a6 18. Qxf6+ Nxf6 19. Nd4 Bd7 20. Nd1 Ng4 21. h3 Nh6
22. Ne3 Rf6 23. b4 Rg8 24. Kh2 Rfg6 25. c5 Rg3 26. Ndc2 Ba4 27. Rf2 dxc5 28.
bxc5 Bxc2 29. Nxc2 Rd3 30. Nb4 Rd4 31. Rb1 a5 32. Nc2 Rxd5 33. Rxb7 Rxc5 34. Nd4
Rc4 35. Ne6 Nf7 36. Nxc7 Nd6 37. Nb5 Nxb7 38. Na3 Rc3 39. Nb5 Rc5 40. Nd4 Rd5
41. Nc6 e3 42. Rb2 Rd2 43. Rxb7 e2 44. Re7 Rxg2+ 45. Kh1 Rf2 46. Re8+ Kg7 47.
Re7+ Kf8 48. Kg1 Rf1+ 49. Kg2 e1=Q+ 0-1

[Event "Challenge"]
[Site "http://www.queenalice.com/game.php?id=1500035"]
[Date "2017.10.23"]
[Round "-"]
[White "BasterMater"]
[Black "AlekinePb"]
[Result "1-0"]
[WhiteElo "1919"]
[BlackElo "1834"]

1. e4 e6 2. d4 d5 3. Bd3 dxe4 4. Bxe4 Nf6 5. Bg5 Be7 6. Bxf6 Bxf6 7. c3 O-O 8.
Qc2 c6 9. Bxh7+ Kh8 10. Bd3 Qd5 11. Nf3 e5 12. Be4 Qa5 13. O-O exd4 14. Nxd4 Qh5
15. Bf3 Bxd4 16. Bxh5 Bf6 17. Nd2 Nd7 18. Ne4 g6 19. Nxf6 Nxf6 20. Bxg6 fxg6 21.
Qxg6 Be6 22. Rfe1 Bg8 23. Re3 Nh7 24. Rh3 Rf7 25. Re1 Raf8 26. f3 Rg7 27. Qd6
Rgf7 28. Re4 Rf6 29. Qe5 Bd5 30. Rf4 Kg7 31. Rxh7+ Kxh7 32. Rxf6 Rxf6 33. Qxf6
a5 34. Qe7+ Kg6 35. Qxb7 Kf5 36. Kf2 Ke5 37. Qc7+ Ke6 38. Qxa5 Kd6 39. g4 c5 40.
h4 Ke6 41. Qxc5 Ke5 42. c4 1-0

[Event "Challenge"]
[Site "http://www.queenalice.com/game.php?id=1500118"]
[Date "2017.10.23"]
[Round "-"]
[White "AlekinePb"]
[Black "Marbol"]
[Result "0-1"]
[WhiteElo "1882"]
[BlackElo "2084"]

1. d4 d5 2. Nf3 g6 3. Bf4 Bg7 4. e3 Nf6 5. c4 c6 6. c5 O-O 7. Bd3 Bg4 8. Nbd2
Nbd7 9. O-O Nh5 10. Bg3 Nxg3 11. hxg3 b6 12. b4 a5 13. a3 e5 14. dxe5 Nxe5 15.
Qc2 axb4 16. Nd4 bxc5 17. N4f3 Nxd3 18. Qxd3 Bxa1 19. Rxa1 Qf6 20. Ra2 c4 21.
Nxc4 dxc4 22. Qxc4 Be6 23. Qxc6 Rfc8 24. Qd6 Rc1+ 25. Kh2 b3 26. Rd2 b2 27. Rxb2
Qxb2 28. Ng5 Qxf2 29. Nxe6 Qg1+ 30. Kh3 Qh1+ 31. Kg4 Qh5+ 32. Kf4 Qf5# 0-1

[Event "Challenge"]
[Site "http://www.queenalice.com/game.php?id=1501038"]
[Date "2017.10.29"]
[Round "-"]
[White "AlekinePb"]
[Black "Rossini"]
[Result "0-1"]
[WhiteElo "1861"]
[BlackElo "1768"]

1. d4 g6 2. c4 Bg7 3. Nc3 c6 4. e4 d6 5. Be3 Qa5 6. Qd2 c5 7. Nge2 cxd4 8. Bxd4
Nf6 9. f3 Nc6 10. O-O-O O-O 11. Kb1 Nxd4 12. Nxd4 a6 13. Nd5 Qxd2 14. Nxe7+ Kh8
15. Rxd2 Nh5 16. Nd5 Bxd4 17. Rxd4 Be6 18. Be2 Bxd5 19. cxd5 f5 20. Rc4 Nf4 21.
Bf1 fxe4 22. Rxe4 Rac8 23. g3 Nxd5 24. f4 Rce8 25. Bd3 Nf6 26. Rxe8 Rxe8 27. Kc2
Nd5 28. Kd2 Nb4 29. a3 Nc6 30. Rc1 Nd4 31. Kc3 Ne2+ 32. Bxe2 Rxe2 33. Kb3 Rxh2
34. Rc8+ Kg7 35. Rc7+ Kh6 36. Rxb7 Rg2 37. Rb6 Rxg3+ 38. Kc4 Rf3 39. Rxd6 Rxf4+
40. Kd3 a5 41. Rd5 a4 42. Rb5 g5 43. Rb4 Kh5 44. Ke3 Kg4 45. Rb6 h5 46. b4 Rf3+
47. Ke2 Rxa3 48. b5 Ra2+ 49. Kd3 h4 50. Rh6 Kg3 51. b6 Rb2 52. Kc3 a3 53. Rd6
Rb5 54. Rd3+ Kg4 55. Rd4+ Kh5 56. Ra4 Rxb6 57. Rxa3 h3 58. Kd4 g4 59. Ke4 h2 0-1

[Event "Challenge"]
[Site "http://www.queenalice.com/game.php?id=1501294"]
[Date "2017.10.31"]
[Round "-"]
[White "AlekinePb"]
[Black "Eduvillarroelm"]
[Result "1-0"]
[WhiteElo "1893"]
[BlackElo "1818"]

1. d4 d6 2. c4 c6 3. Nc3 Qc7 4. e4 e5 5. d5 Nf6 6. Bg5 Be7 7. Bxf6 Bxf6 8. Nf3
Bg4 9. Be2 Nd7 10. O-O O-O 11. Qd3 Nc5 12. Qc2 g5 13. b4 Nd7 14. a4 Rac8 15.
dxc6 bxc6 16. b5 Qd8 17. Qd3 Nc5 18. Qc2 cxb5 19. axb5 Qb6 20. Nd5 Qd8 21. Rxa7
Bg7 22. b6 Be6 23. Ne7+ Qxe7 24. Rxe7 1-0

[Event "Challenge"]
[Site "http://www.queenalice.com/game.php?id=1501295"]
[Date "2017.10.31"]
[Round "-"]
[White "AlekinePb"]
[Black "Eduvillarroelm"]
[Result "1/2-1/2"]
[WhiteElo "1962"]
[BlackElo "1883"]

1. d4 d6 2. c4 c6 3. Nc3 Qc7 4. e4 e5 5. d5 Nf6 6. Bg5 Be7 7. Bxf6 gxf6 8. Qh5
Nd7 9. Nf3 Nf8 10. Nh4 Ng6 11. Nf5 Nf4 12. Qd1 Rg8 13. dxc6 bxc6 14. Ne3 Rb8 15.
g3 Ne6 16. Bg2 Rxb2 17. O-O Qa5 18. Ne2 Rxa2 19. Rxa2 Qxa2 20. Nc3 Qa5 21. Qc2
Nd4 22. Qb2 Qxc3 23. Qb8 Kd8 24. Qxa7 Ke8 25. Nf5 Nxf5 26. exf5 Bxf5 27. Qb8+
Bd8 28. Bxc6+ Ke7 29. Rd1 Qa3 30. Qb7+ Kf8 31. Bd5 Bg6 32. Qd7 Kg7 33. Rb1 Rf8
34. g4 Qd3 35. Rb8 Qd1+ 36. Kg2 f5 37. h3 e4 38. Rxd8 Qf3+ 39. Kf1 Qd1+ 1/2-1/2

[Event "Challenge"]
[Site "http://www.queenalice.com/game.php?id=1501891"]
[Date "2017.11.3"]
[Round "-"]
[White "gfalk"]
[Black "AlekinePb"]
[Result "1-0"]
[WhiteElo "2013"]
[BlackElo "1860"]

1. f4 Nf6 2. Nf3 g6 3. g3 d6 4. Bg2 Bg7 5. O-O O-O 6. d3 c6 7. e4 Nbd7 8. c3 b5
9. Qe2 a5 10. d4 Ba6 11. Nbd2 b4 12. c4 Qc7 13. e5 dxe5 14. fxe5 Ne8 15. b3 Rc8
16. Ng5 e6 17. Bh3 h6 18. Nxe6 fxe6 19. Bxe6+ Kh7 20. Rxf8 Bxf8 21. Qf3 Nxe5 22.
Qxf8 Ng7 23. Bxc8 Bxc8 24. Ne4 g5 25. Bd2 Nf3+ 26. Kg2 Nxd2 27. Nxd2 Nf5 28. Re1
g4 29. Ne4 Nxd4 30. Nf6+ Kg6 31. Re7 Qb6 32. Qf7+ Kf5 33. Nh7# 1-0

[Event "Challenge"]
[Site "http://www.queenalice.com/game.php?id=1502078"]
[Date "2017.11.4"]
[Round "-"]
[White "AlekinePb"]
[Black "Lapoule"]
[Result "0-1"]
[WhiteElo "1918"]
[BlackElo "1867"]

1. d4 Nf6 2. c4 d5 3. Nf3 Ne4 4. cxd5 Qxd5 5. Nc3 Nxc3 6. bxc3 Qc4 7. Qb3 Qc6 8.
e3 a6 9. Bc4 Qg6 10. Ne5 Qf6 11. Nxf7 Rg8 12. Nd6+ cxd6 13. Bxg8 e6 14. Bxh7 g6
15. Qc2 Kf7 16. O-O Qg7 17. Bxg6+ Qxg6 18. e4 Nc6 19. f4 Ne7 20. Rf3 d5 21. f5
exf5 22. e5 b5 23. Ba3 Bd7 24. Bxe7 Bxe7 25. Raf1 Rg8 26. Rg3 Bg5 27. Kh1 Qh7
28. Qb2 Bf4 29. Rh3 Bh6 30. Qb4 Rg6 31. Qc5 Ke8 32. Qa7 Qe7 33. Rhf3 Qf7 34.
Qb8+ Ke7 35. Qa7 f4 36. Qc5+ Ke8 37. g3 Qg8 38. Qa7 Kd8 39. Qb8+ Bc8 40. Kg2
fxg3 41. Rf8+ Bxf8 42. h3 Be7 43. Rf5 Rh6 44. e6 Qxe6 45. Re5 Qxh3+ 46. Kf3 Rf6+
47. Ke3 g2+ 48. Kd2 g1=Q 49. Rxd5+ Ke8 50. Re5 Rf2+ 51. Re2 Rxe2+ 52. Kxe2 Qhe3#
0-1

[Event "Challenge"]
[Site "http://www.queenalice.com/game.php?id=1503684"]
[Date "2017.11.15"]
[Round "-"]
[White "AlekinePb"]
[Black "Fredo"]
[Result "0-1"]
[WhiteElo "1879"]
[BlackElo "1938"]

1. c4 c5 2. g3 g6 3. Bg2 Nc6 4. Nf3 Bg7 5. Nc3 d6 6. O-O e6 7. e3 Nge7 8. a3 O-O
9. d4 cxd4 10. exd4 Nf5 11. Be3 Nxe3 12. fxe3 Bd7 13. b4 a6 14. Rc1 Rc8 15. c5
dxc5 16. dxc5 Qe7 17. Ne2 Rfd8 18. Ned4 Nxd4 19. exd4 Bb5 20. a4 Bxf1 21. Kxf1
Bh6 22. Rc4 b6 23. c6 Bg7 24. b5 a5 25. Qe2 Qa3 26. Ne5 Qd6 27. Qf3 Bxe5 28.
dxe5 Qxe5 29. Qe4 Qxe4 30. Bxe4 Rd2 31. Rc2 Rxc2 32. Bxc2 e5 33. Ke2 f5 34. Ke3
Kf7 35. Bb3+ Kf6 36. Kd3 Ke7 37. Bd5 Kd6 38. Kc4 e4 39. Kd4 h6 40. Bf7 g5 41.
Bg6 Ke6 42. Kc4 Ke5 43. Bh5 f4 44. gxf4+ gxf4 45. Bg4 Rc7 46. h4 f3 47. h5 Kf4
0-1

[Event "Challenge"]
[Site "http://www.queenalice.com/game.php?id=1503769"]
[Date "2017.11.15"]
[Round "-"]
[White "AlekinePb"]
[Black "coolchess"]
[Result "1-0"]
[WhiteElo "1865"]
[BlackElo "2060"]

1. d4 Nf6 2. c4 e6 3. Nf3 d5 4. Bg5 Bb4+ 5. Nc3 O-O 6. e3 c5 7. Be2 h6 8. Bh4
Nbd7 9. O-O g5 10. Bg3 Bxc3 11. bxc3 b6 12. cxd5 Nxd5 13. c4 Nc3 14. Qc2 Nxe2+
15. Qxe2 Bb7 16. Ne5 Nxe5 17. Bxe5 f6 18. Bg3 Qe7 19. Qh5 Kg7 20. h4 cxd4 21.
exd4 Rac8 22. Rac1 Rfd8 23. hxg5 hxg5 24. f4 Rh8 25. Qe2 Qd6 26. Qf2 gxf4 27.
Bxf4 Qd7 28. Qg3+ Kf7 29. Be5 Rcg8 30. Rxf6+ Ke7 31. Rg6 1-0

[Event "Challenge"]
[Site "http://www.queenalice.com/game.php?id=1503807"]
[Date "2017.11.15"]
[Round "-"]
[White "AlekinePb"]
[Black "Null"]
[Result "0-1"]
[WhiteElo "1861"]
[BlackElo "2159"]

1. d4 d5 2. Nf3 Nc6 3. Bf4 Bf5 4. e3 e6 5. Bb5 Ne7 6. O-O a6 7. Bxc6+ bxc6 8.
Nbd2 Ng6 9. c4 Bb4 10. c5 Bxd2 11. Qxd2 O-O 12. Bg3 a5 13. a3 h6 14. b4 a4 15.
Ne1 Re8 16. f3 h5 17. Nd3 h4 18. Bf2 h3 19. g4 Bxd3 20. Qxd3 e5 21. Bg3 e4 22.
fxe4 dxe4 23. Qe2 Re6 24. Qf2 Rf6 25. Bf4 Nxf4 26. exf4 Qe8 0-1

[Event "Challenge"]
[Site "http://www.queenalice.com/game.php?id=1505695"]
[Date "2017.11.26"]
[Round "-"]
[White "AlekinePb"]
[Black "korchnoi"]
[Result "1-0"]
[WhiteElo "1889"]
[BlackElo "1533"]

1. d4 d5 2. Nf3 e6 3. Bf4 Nf6 4. e3 c6 5. c4 Be7 6. c5 Nbd7 7. Nc3 b5 8. b4 a6
9. h3 Bb7 10. a4 Nf8 11. axb5 axb5 12. Bd3 Ng6 13. O-O O-O 14. Bh2 Rxa1 15. Qxa1
Qa8 16. Qxa8 Rxa8 17. Bc7 h6 18. Ba5 1-0

[Event "Challenge"]
[Site "http://www.queenalice.com/game.php?id=1518690"]
[Date "2018.3.7"]
[Round "-"]
[White "AlekinePb"]
[Black "BasterMater"]
[Result "0-1"]
[WhiteElo "1813"]
[BlackElo "1960"]

1. d4 c6 2. c4 d5 3. Nf3 Nf6 4. Nc3 Bg4 5. cxd5 Nxd5 6. Nxd5 Qxd5 7. e3 Bxf3 8.
Qxf3 Qxf3 9. gxf3 e6 10. a3 Bd6 11. b4 Nd7 12. Bd3 e5 13. Bb2 exd4 14. Bxd4 f6
15. Bc4 g6 16. Ke2 a6 17. Rad1 Be5 0-1